00536nam a2200205 a 4500001001300000003000900013005001700022008004100039020000900080082001600089100002100105245003300126260004700159300000900206500003500215505002000250650001300270650002600283700002100309nice12345678IN_TiNIC20260116011657.0050524s1971 mada grp 000 0 eng  ac1000a294.51bPRE aPresler, Henry H aPrimitive Religions in India aMadrasbChristian Literature Societyc1971 a349p aincludes index and biblioraphy2 aglossary, index aHinduism aTribes-India-Religion1 aPresler, Henry H